Los errores de nuestro tiempo / (Record no. 57177)

MARC details
000 -LEADER
campo de control de longitud fija 00903nam a2200277 i 4500
001 - NÚMERO DE CONTROL
campo de control 57177
003 - IDENTIFICADOR DE NÚMERO DE CONTROL
campo de control ES-MaACL
005 - FECHA Y HORA DE LA ÚLTIMA TRANSACCIÓN
campo de control 20250728101251.0
007 - CAMPO FIJO DE DESCRIPCIÓN FÍSICA--INFORMACIÓN GENERAL
campo de control de longitud fija t|
008 - DATOS DE LONGITUD FIJA--INFORMACIÓN GENERAL
campo de control de longitud fija 031015s1955 sp |||| | spa d
080 ## - NÚMERO DE LA CLASIFICACIÓN DECIMAL UNIVERSAL
Número de la Clasificación Decimal Universal 008(100)"18"
080 ## - NÚMERO DE LA CLASIFICACIÓN DECIMAL UNIVERSAL
Número de la Clasificación Decimal Universal 165.73
080 ## - NÚMERO DE LA CLASIFICACIÓN DECIMAL UNIVERSAL
Número de la Clasificación Decimal Universal 94:23
100 1# - ENTRADA PRINCIPAL--NOMBRE DE PERSONA
Nombre de persona Donoso Cortés, Juan,
Fechas asociadas al nombre 1809-1853
9 (RLIN) 45341
245 14 - MENCIÓN DEL TÍTULO
Título Los errores de nuestro tiempo /
Mención de responsabilidad, etc. Juan Donoso Cortés.
260 ## - PUBLICACIÓN, DISTRIBUCIÓN, ETC.
Lugar de publicación, distribución, etc. [Madrid] :
Nombre del editor, distribuidor, etc. Feria Nacional del Libro,
Fecha de publicación, distribución, etc. 1955 (
Fabricante Henche)
300 ## - DESCRIPCIÓN FÍSICA
Extensión 45 p. ;
Dimensiones 18 cm.
594 ## - Nota al título y mención de responsabilidad
Nota al título y mención de responsabilidad Recoge el texto de la carta al Cardenal Fornari, que sirvió para los trabajos preparatorios del "Syllabus"
595 ## -
-- Ed. no venal.
650 #4 - PUNTO DE ACCESO ADICIONAL DE MATERIA--TÉRMINO DE MATERIA
Término de materia o nombre geográfico como elemento de entrada Naturalismo.
9 (RLIN) 15488
650 #4 - PUNTO DE ACCESO ADICIONAL DE MATERIA--TÉRMINO DE MATERIA
Término de materia o nombre geográfico como elemento de entrada Civilización-
Subdivisión cronológica S.XIX.
9 (RLIN) 146955
650 #7 - PUNTO DE ACCESO ADICIONAL DE MATERIA--TÉRMINO DE MATERIA
Término de materia o nombre geográfico como elemento de entrada Historia-
Subdivisión general Aspectos religiosos
Fuente del encabezamiento o término
9 (RLIN) 146956
650 #4 - PUNTO DE ACCESO ADICIONAL DE MATERIA--TÉRMINO DE MATERIA
Término de materia o nombre geográfico como elemento de entrada Teodicea.
9 (RLIN) 142961
852 ## - LOCALIZACIÓN
Ubicación ES-MaACL
Número de control de estantería 2030-F-12
Holdings
Estatus retirado Estado de pérdida Estado de daño No para préstamo Colección Biblioteca de origen Biblioteca actual Ubicación en estantería Fecha de adquisición Fuente de adquisición Total de préstamos Signatura topográfica completa Código de barras Visto por última vez Precio de reemplazo Tipo de ítem Koha
        Colección de folletos Biblioteca del Ateneo de Madrid Biblioteca del Ateneo de Madrid Depósito folletos 17/01/2008     2030-F-12 1060034 23/02/2023 23/02/2023 Folleto